000 00515nam a22001937a 4500
003 BUBTL
008 161110b xxu||||| |||| 00| 0 eng d
020 _a978-1-84569-297-1
082 _a677.028242HUF
100 _9904
_aHU,Jinlian
245 _aFabric Testing
260 _aEngland
_bWoodhead Publishing Limited
_cc2008
300 _a[xxiii],387p.
_bills.
_c21cm.
650 0 _9905
_aTextile
700 _9906
_aHU,Jinlian
856 _k0
_l0
_yDownload
942 _2ddc
_cBK
999 _c5377
_d5377